<?xml version="1.0" encoding="UTF-8"?>
<record
    xmlns:xsi="http://www.w3.org/2001/XMLSchema-instance"
    xsi:schemaLocation="http://www.loc.gov/MARC21/slim http://www.loc.gov/standards/marcxml/schema/MARC21slim.xsd"
    xmlns="http://www.loc.gov/MARC21/slim">

  <leader>01233nam a22002777a 4500</leader>
  <controlfield tag="005">20090724135734.0</controlfield>
  <controlfield tag="008">090608t        xxu||||| |||| 00| j hin d</controlfield>
  <datafield tag="010" ind1=" " ind2=" ">
    <subfield code="a">HIN-93396</subfield>
  </datafield>
  <datafield tag="020" ind1=" " ind2=" ">
    <subfield code="a">9788182569300</subfield>
    <subfield code="c">40.00</subfield>
  </datafield>
  <datafield tag="035" ind1=" " ind2=" ">
    <subfield code="a">HN-65742</subfield>
  </datafield>
  <datafield tag="037" ind1=" " ind2=" ">
    <subfield code="b">DBAD / PUB</subfield>
  </datafield>
  <datafield tag="040" ind1=" " ind2=" ">
    <subfield code="a">DPL</subfield>
    <subfield code="b">HN</subfield>
  </datafield>
  <datafield tag="082" ind1=" " ind2=" ">
    <subfield code="a">239</subfield>
  </datafield>
  <datafield tag="100" ind1=" " ind2=" ">
    <subfield code="9">1372</subfield>
    <subfield code="a">&#x938;&#x93E;&#x935;&#x928; &#x938;&#x93F;&#x902;&#x939;</subfield>
  </datafield>
  <datafield tag="245" ind1=" " ind2=" ">
    <subfield code="a">&#x936;&#x92C;&#x94D;&#x926; &#x915;&#x940; &#x92E;&#x939;&#x93F;&#x92E;&#x93E; &#x915;&#x947; &#x936;&#x92C;&#x94D;&#x926;&#x903;</subfield>
    <subfield code="c">&#x92E;&#x939;&#x93E;&#x930;&#x93E;&#x91C; &#x938;&#x93E;&#x935;&#x928; &#x938;&#x93F;&#x902;&#x939; &#x91C;&#x940;</subfield>
    <subfield code="b">&#x936;&#x94D;&#x930;&#x940; &#x917;&#x941;&#x930;&#x942; &#x917;&#x94D;&#x930;&#x928;&#x94D;&#x925; &#x938;&#x93E;&#x939;&#x93F;&#x92C; &#x92E;&#x947;&#x902; &#x938;&#x947; &#x91A;&#x941;&#x928;&#x947; &#x939;&#x941;&#x90F; &#x936;&#x92C;&#x94D;&#x926; /</subfield>
  </datafield>
  <datafield tag="250" ind1=" " ind2=" ">
    <subfield code="a">12&#x935;&#x93E;&#x902; &#x938;&#x902;&#x938;&#x94D;&#x915;</subfield>
  </datafield>
  <datafield tag="260" ind1=" " ind2=" ">
    <subfield code="a">&#x92A;&#x902;&#x91C;&#x93E;&#x92C;</subfield>
    <subfield code="b">&#x930;&#x93E;&#x927;&#x93E;&#x938;&#x94D;&#x935;&#x93E;&#x92E;&#x940; &#x938;&#x924;&#x94D;&#x938;&#x902;&#x917; &#x92C;&#x94D;&#x92F;&#x93E;&#x938;</subfield>
    <subfield code="c">2011</subfield>
  </datafield>
  <datafield tag="270" ind1=" " ind2=" ">
    <subfield code="a">&#x921;&#x947;&#x930;&#x93E; &#x92C;&#x93E;&#x92C;&#x93E; &#x91C;&#x948;&#x92E;&#x932; &#x938;&#x93F;&#x902;&#x939;</subfield>
    <subfield code="b">&#x92A;&#x902;&#x91C;&#x93E;&#x92C;</subfield>
    <subfield code="e">143204</subfield>
  </datafield>
  <datafield tag="300" ind1=" " ind2=" ">
    <subfield code="a">584&#x92A;&#x943;.</subfield>
    <subfield code="c">22&#x938;&#x947;&#x92E;&#x940; (&#x938;&#x91C;&#x93F;&#x932;&#x94D;&#x926;) </subfield>
  </datafield>
  <datafield tag="650" ind1=" " ind2=" ">
    <subfield code="9">1169</subfield>
  </datafield>
  <datafield tag="650" ind1=" " ind2=" ">
    <subfield code="9">30030</subfield>
  </datafield>
  <datafield tag="700" ind1=" " ind2=" ">
    <subfield code="9">29841</subfield>
  </datafield>
  <datafield tag="942" ind1=" " ind2=" ">
    <subfield code="2">ddc</subfield>
    <subfield code="c">HN</subfield>
    <subfield code="m">&#x938;&#x93E;&#x935;&#x928;</subfield>
    <subfield code="h">239</subfield>
  </datafield>
  <datafield tag="999" ind1=" " ind2=" ">
    <subfield code="c">54334</subfield>
    <subfield code="d">54334</subfield>
  </datafield>
  <datafield tag="952" ind1=" " ind2=" ">
    <subfield code="0">0</subfield>
    <subfield code="1">0</subfield>
    <subfield code="2">ddc</subfield>
    <subfield code="4">0</subfield>
    <subfield code="7">1</subfield>
    <subfield code="8">NFIC</subfield>
    <subfield code="a">DBAD</subfield>
    <subfield code="b">DBAD</subfield>
    <subfield code="d">2011-07-25</subfield>
    <subfield code="e">DBAD / PUB</subfield>
    <subfield code="g">40.00</subfield>
    <subfield code="l">0</subfield>
    <subfield code="o">239 &#x938;&#x93E;&#x935;&#x928;</subfield>
    <subfield code="p">HN-65742</subfield>
    <subfield code="r">2011-07-25 00:00:00</subfield>
    <subfield code="t">1</subfield>
    <subfield code="v">40.00</subfield>
    <subfield code="w">2011-07-25</subfield>
    <subfield code="y">HN</subfield>
  </datafield>
</record>
